Most Environmentally Friendly Countries - Statistics

General Stats
  • This quiz has been taken 151 times
  • The average score is 15 of 20
Answer Stats
Score Country % Correct
90.43 Sweden
97%
86.90 Norway
93%
90.51 Iceland
90%
89.21 Denmark
89%
90.68 Finland
89%
87.38 United Kingdom
87%
86.93 Switzerland
85%
88.20 France
81%
88.00 New Zealand
81%
87.22 Australia
80%
88.91 Spain
79%
86.64 Austria
76%
86.60 Ireland
75%
88.63 Portugal
74%
86.58 Luxembourg
65%
88.59 Estonia
61%
87.04 Singapore
55%
88.98 Slovenia
45%
86.98 Croatia
36%
88.48 Malta
36%
No matching quizzes found
Score Distribution
Percent of People with Each Score
Percentile by Number Answered
Your Score History
You have not taken this quiz